000 00448nam a22001457a 4500
082 _a624.18341
_bREY
_cL-19, P-41
100 _aReynolds, Chas E.
_926903
245 _aBasic reinforced concrete design
_cChas. E. Reynolds
260 _aLondon
_bConcrete Publications Limited
_c1968
300 _aviii, 264 p. :
526 _a0
_b0
_c0
_d624_183410000000000_REY
526 _a0
_b0
_c0
_d624_183410000000000_REY
650 _aMCE
_9379
942 _2ddc
_cBK
999 _c547044
_d547044